| 000 | 01491nam a22003133u 4500 | ||
|---|---|---|---|
| 001 | drd-45923095 | ||
| 003 | Dreier | ||
| 005 | 20220131143311.0 | ||
| 007 | tu | ||
| 008 | 210831b2021 |||||||| |||| 00| 0 eng d | ||
| 020 |
_a9781644694930 _9978-1-64469-493-0 |
||
| 040 |
_aRU-10907106 _bger _cRU-10907106 |
||
| 041 | _aeng | ||
| 245 | 1 | 0 | _aJewish partisans of the Soviet Union during World War II |
| 264 |
_aBrighton _bAcademic Studies Press _c2021 |
||
| 300 | _a658 Seiten | ||
| 336 |
_2rdacontent _aText _btxt |
||
| 337 |
_2rdamedia _aOhne Hilfsmittel zu benutzen _bn |
||
| 338 |
_2rdacarrier _aBand _bnc |
||
| 520 | _aJewish Partisans of the Soviet Union during World War II compiled by Jack Nusan Porter with the assistance of Yehuda Merin, is a classic compilation of original Russian and Jewish sources on the anti-Nazi resistance in Eastern Europe. After thirty years, Dr. Porter has compressed two volumes into one, added a new preface, an updated bibliography and filmography, over 100 new photos plus 12 new maps. This new volume is essential for scholars, teachers, and students of the Shoah, Russian history, and World War II. | ||
| 650 | 7 |
_aWeltkrieg <1939-1945> _9385 _2gnd |
|
| 650 | 7 |
_aPartisan _2gnd _91712 |
|
| 650 | 7 |
_aJuden _2gnd _9807 |
|
| 650 | 7 |
_aNationalsozialismus / Widerstand _2gnd _91713 |
|
| 651 | 7 |
_2gnd _aSowjetunion _9127 |
|
| 655 | 7 |
_2gnd _aQuelle _9216 |
|
| 700 | 1 |
_aPorter, Jack Nusan _4edt _eEditor _91710 |
|
| 942 |
_2z _cMG |
||
| 999 |
_c57536 _d57536 |
||